000
00211nam a22000857a 4500
008
161213b xxu||||| |||| 00| 0 eng d
100
_9
2035
_a
Barratt
245
_a
Panchtantra Educative
260
_a
New delhi
_b
RPB
_c
2007
999
_c
4910
_d
4910